Statistics for Guess the Taylor Swift song with no hints #13

Click here to take the quiz!

General Stats

  • This quiz has been taken 28,074 times
  • The average score is 198 of 330

Answer Stats

ANSWER% Correct
I
99%
you
96%
You
96%
you'd
96%
The
93%
the
93%
me
90%
he
85%
to
85%
love
84%
where
84%
And
83%
and
83%
in
82%
on
82%
Do
79%
Your
79%
your
79%
it
78%
my
77%
was
76%
is
75%
know
74%
were
70%
that
68%
have
67%
too
67%
want
67%
one
63%
can
62%
how
62%
like
60%
really
60%
his
59%
never
58%
April
55%
29th
54%
back
54%
tell
54%
way
54%
But
53%
High
53%
them
53%
if
52%
as
51%
it's
51%
said
51%
at
50%
At
50%
eyes
50%
infidelity
50%
time
50%
Oh
49%
oh
49%
life
48%
didn't
47%
Put
47%
just
46%
around
45%
dancing
45%
brought
44%
enough
44%
kill
44%
constellations
42%
good
42%
loving
42%
regret
42%
right
41%
Bad
40%
many
40%
records
40%
thing
40%
city
39%
count
39%
different
39%
there's
39%
ways
39%
burn
38%
chart
38%
far
38%
keeping
38%
slowest
38%
truth
38%
down
37%
I'd
37%
tonight
36%
bent
35%
broken
34%
headphones
34%
meeting
34%
sharp
34%
spoken
34%
fence
33%
game
33%
house
33%
knives
33%
Lock
33%
open
32%
picket
32%
slur
32%
freeloading
31%
Rain
31%
token
31%
husband
29%
omen
29%
Wound
29%
feet
28%
money
28%
blind
27%
hoping
27%
aisle
26%
coming
26%
Dragged
26%
lonely
26%
Seemed
26%
soaking
26%
pay
25%
Storm
25%

Score Distribution

Percentile by Number Answered

Percent of People with Each Score

Your Score History

You have not taken this quiz